<?xml version="1.0" encoding="UTF-8"?><marc:collection xmlns:marc="http://www.loc.gov/MARC21/slim">
  <marc:record>
    <marc:leader>00000nam  2200000zi 4500</marc:leader>
    <marc:controlfield tag="001">9.943239</marc:controlfield>
    <marc:controlfield tag="003">CaOODSP</marc:controlfield>
    <marc:controlfield tag="005">20241206111930</marc:controlfield>
    <marc:controlfield tag="006">m     o  d f      </marc:controlfield>
    <marc:controlfield tag="007">cr mn|||||||||</marc:controlfield>
    <marc:controlfield tag="008">240916s2024    nscab   ob   f000 0 fre d</marc:controlfield>
    <marc:datafield tag="020" ind1=" " ind2=" ">
      <marc:subfield code="a">9780660736419</marc:subfield>
    </marc:datafield>
    <marc:datafield tag="040" ind1=" " ind2=" ">
      <marc:subfield code="a">CaOODSP</marc:subfield>
      <marc:subfield code="b">fre</marc:subfield>
      <marc:subfield code="e">rda</marc:subfield>
      <marc:subfield code="c">CaOODSP</marc:subfield>
    </marc:datafield>
    <marc:datafield tag="043" ind1=" " ind2=" ">
      <marc:subfield code="a">n-cn-ns</marc:subfield>
      <marc:subfield code="a">n-cn-nk</marc:subfield>
      <marc:subfield code="a">ln-----</marc:subfield>
    </marc:datafield>
    <marc:datafield tag="086" ind1="1" ind2=" ">
      <marc:subfield code="a">Fs23-752/2024F-PDF</marc:subfield>
    </marc:datafield>
    <marc:datafield tag="245" ind1="0" ind2="3">
      <marc:subfield code="a">La biorégion du plateau néo-écossais et de la baie de Fundy : </marc:subfield>
      <marc:subfield code="b">plan de gestion des refuges marins.</marc:subfield>
    </marc:datafield>
    <marc:datafield tag="246" ind1="1" ind2="7">
      <marc:subfield code="a">Plan de gestion des refuges marins dans la biorégion du plateau néo-écossais et de la baie de Fundy</marc:subfield>
    </marc:datafield>
    <marc:datafield tag="264" ind1=" " ind2="1">
      <marc:subfield code="a">[Dartmouth, N.-É.] : </marc:subfield>
      <marc:subfield code="b">Pêches et océans Canada = Fisheries and Oceans Canada, </marc:subfield>
      <marc:subfield code="c">2024.</marc:subfield>
    </marc:datafield>
    <marc:datafield tag="300" ind1=" " ind2=" ">
      <marc:subfield code="a">1 ressource en ligne (2 volumes) : </marc:subfield>
      <marc:subfield code="b">illustrations en couleur, cartes en couleur</marc:subfield>
    </marc:datafield>
    <marc:datafield tag="336" ind1=" " ind2=" ">
      <marc:subfield code="a">texte</marc:subfield>
      <marc:subfield code="b">txt</marc:subfield>
      <marc:subfield code="2">rdacontent/fre</marc:subfield>
    </marc:datafield>
    <marc:datafield tag="337" ind1=" " ind2=" ">
      <marc:subfield code="a">informatique</marc:subfield>
      <marc:subfield code="b">c</marc:subfield>
      <marc:subfield code="2">rdamedia/fre</marc:subfield>
    </marc:datafield>
    <marc:datafield tag="338" ind1=" " ind2=" ">
      <marc:subfield code="a">ressource en ligne</marc:subfield>
      <marc:subfield code="b">cr</marc:subfield>
      <marc:subfield code="2">rdacarrier/fre</marc:subfield>
    </marc:datafield>
    <marc:datafield tag="500" ind1=" " ind2=" ">
      <marc:subfield code="a">Publié aussi en anglais sous le titre : Scotian Shelf-Bay of Fundy bioregional marine refuge management plan.</marc:subfield>
    </marc:datafield>
    <marc:datafield tag="500" ind1=" " ind2=" ">
      <marc:subfield code="a">Titre de la couverture.</marc:subfield>
    </marc:datafield>
    <marc:datafield tag="500" ind1=" " ind2=" ">
      <marc:subfield code="a">« Publié par : Planification et conservation marines, Pêches et océans Canada … » -- Page 1.</marc:subfield>
    </marc:datafield>
    <marc:datafield tag="504" ind1=" " ind2=" ">
      <marc:subfield code="a">Comprend des références bibliographiques.</marc:subfield>
    </marc:datafield>
    <marc:datafield tag="505" ind1="0" ind2=" ">
      <marc:subfield code="a">part. I. Gestion des refuges marine -- part. II. Profiles des sites.</marc:subfield>
    </marc:datafield>
    <marc:datafield tag="520" ind1=" " ind2=" ">
      <marc:subfield code="a">« La biorégion du plateau néo-écossais et de la baie de Fundy (PNE-BDF) abrite une vie marine riche et des écosystèmes productifs et diversifiés qui offrent nourriture et abri à une variété d'espèces, y compris des espèces revêtant une importance commerciale. La biorégion du PNE-BDF compte six refuges marins, … Le présent plan de gestion des refuges marins dans la biorégion du PNE-BDF vise à coordonner la gestion des refuges marins existants et futurs établis conformément à la Loi sur les pêches et aux Directives permettant de reconnaître d'autres mesures de conservation efficaces par zone en milieu marin du gouvernement du Canada (2022) en fournissant des orientations et des approches de gestion à la région des Maritimes du ministère des Pêches et des Océans (MPO), à d'autres autorités gouvernantes, aux utilisateurs des ressources marines et au public. Ce plan présente une vue d'ensemble de chaque refuge marin dans la biorégion du PNE-BDF ainsi qu'un aperçu des objectifs liés à la conservation, à la recherche et au suivi, aux dimensions sociales, culturelles et de gouvernance et aux changements climatiques. Les activités en cours ou les plus susceptibles d'être proposées dans ces refuges marins sont décrites, ainsi que la manière dont les mesures supplémentaires de gouvernance et de gestion soutiennent le cadre législatif, réglementaire et stratégique général. … » -- Part. I, Sommaire, page 7.</marc:subfield>
    </marc:datafield>
    <marc:datafield tag="650" ind1=" " ind2="6">
      <marc:subfield code="a">Parcs marins</marc:subfield>
      <marc:subfield code="z">Néo-écossaise, Plateforme</marc:subfield>
      <marc:subfield code="x">Gestion.</marc:subfield>
    </marc:datafield>
    <marc:datafield tag="650" ind1=" " ind2="6">
      <marc:subfield code="a">Parcs marins</marc:subfield>
      <marc:subfield code="z">Fundy, Baie de</marc:subfield>
      <marc:subfield code="x">Gestion.</marc:subfield>
    </marc:datafield>
    <marc:datafield tag="650" ind1=" " ind2="6">
      <marc:subfield code="a">Parcs marins</marc:subfield>
      <marc:subfield code="z">Néo-écossaise, Plateforme</marc:subfield>
      <marc:subfield code="x">Planification.</marc:subfield>
    </marc:datafield>
    <marc:datafield tag="650" ind1=" " ind2="6">
      <marc:subfield code="a">Parcs marins</marc:subfield>
      <marc:subfield code="z">Fundy, Baie de</marc:subfield>
      <marc:subfield code="x">Planification.</marc:subfield>
    </marc:datafield>
    <marc:datafield tag="650" ind1=" " ind2="6">
      <marc:subfield code="a">Conservation des ressources marines</marc:subfield>
      <marc:subfield code="z">Néo-écossaise, Plateforme.</marc:subfield>
    </marc:datafield>
    <marc:datafield tag="650" ind1=" " ind2="6">
      <marc:subfield code="a">Conservation des ressources marines</marc:subfield>
      <marc:subfield code="z">Fundy, Baie de.</marc:subfield>
    </marc:datafield>
    <marc:datafield tag="710" ind1="1" ind2=" ">
      <marc:subfield code="a">Canada. </marc:subfield>
      <marc:subfield code="b">Ministère des pêches et des océans, </marc:subfield>
      <marc:subfield code="e">organisme de publication.</marc:subfield>
    </marc:datafield>
    <marc:datafield tag="775" ind1="0" ind2="8">
      <marc:subfield code="t">Scotian Shelf-Bay of Fundy bioregional marine refuge management plan.</marc:subfield>
      <marc:subfield code="w">(CaOODSP)9.943238</marc:subfield>
    </marc:datafield>
    <marc:datafield tag="856" ind1="4" ind2="0">
      <marc:subfield code="q">PDF</marc:subfield>
      <marc:subfield code="s">43.2 Mo</marc:subfield>
      <marc:subfield code="u">https://publications.gc.ca/collections/collection_2024/mpo-dfo/Fs23-752-2024-1-fra.pdf</marc:subfield>
      <marc:subfield code="z">(part. I)</marc:subfield>
    </marc:datafield>
    <marc:datafield tag="856" ind1="4" ind2="0">
      <marc:subfield code="q">PDF</marc:subfield>
      <marc:subfield code="s">24.0 Mo</marc:subfield>
      <marc:subfield code="u">https://publications.gc.ca/collections/collection_2024/mpo-dfo/Fs23-752-2024-2-fra.pdf</marc:subfield>
      <marc:subfield code="z">(part. II)</marc:subfield>
    </marc:datafield>
  </marc:record>
</marc:collection>
